000 00566nam a22001817a 4500
999 _c183583
_d183583
005 20220204124900.0
010 _aENG-130735
020 _a978-93-87-894-860
_c699.00
035 _aEN-114267
037 _bDBAD
082 _aS
100 _aChadha, KumKum
245 _aThe Marigold Story:
_bIndira Gandhi & Others/
_cKumKum Chadha
260 _aChennai
_bWestland Publications Private Limited
_c2019
270 _a61, 2nd Floor, Silverline Building, Alapakkam Main Road, Madhuravoyal
_bChennai
_e600095
300 _a338p
_c24cm(hbk)
942 _2ddc
_cEN
_hS
_mCHA